000 00288nam a22001337a 4500
008 181003b xxu||||| |||| 00| 0 eng d
020 _a035707368832
041 _aeng
080 _a612.39
100 _a10
101 _aNUT
245 _aClassic Desserts
_cGarry,W.J
942 _2udc
_cBK
999 _c48828
_d48828